000 00678nam a2200229Ia 4500
005 20250508162203.0
008 008 250505s9999 xx 000 0 eng d
020 _a0-07-071869-5
037 _aTextual
040 _aFEDL
_beng
_cFEDL
041 _aeng
_2eng
084 _a371.1, WOR
_qFEDL
100 _aWorell Judith
245 0 _aManaging instructional problems : A case study workbook
260 _aNew York, USA
_bMcGraw-Hill Book Company
_c1974
300 _axv,318p
490 _aMcGraw - Hill series in special education
650 _aTeaching
700 _a Nelson C Michael
_9772531
942 _cTEXL
_h371.1, WOR
999 _c1374902
_d1374902